000 00375nam a22001457a 4500
003 OSt
005 20160727222450.0
008 160704b xxu||||| |||| 00| 0 eng d
040 _cTEST
100 _92031
_a Hepburn, D
245 _aWhy Doesn't Somebody do Something?
260 _aILL
_b Victor Books
_c1973
300 _aWhy Doesn't Somebody do Something?
942 _2ddc
_cBK
999 _c1731
_d1731